| 000 | 00000cas 2200000zi 4500 |
| 001 | 9.921926 |
| 003 | CaOODSP |
| 005 | 20260223145508 |
| 006 | m o d f |
| 007 | cr ||||||||||| |
| 008 | 230425c20139999oncqr p o f0 b0fre|d |
| 040 | |aCaOODSP|bfre|erda|cCaOODSP |
| 043 | |an-cn--- |
| 086 | 1 |aFB12-13F-PDF |
| 245 | 00|aRecherche trimestrielle à la Banque du Canada. |
| 246 | 37|aPublications |
| 264 | 1|a[Ottawa] : |bBanque du Canada = Bank of Canada, |c2023- |
| 310 | |aTrimestriel |
| 362 | 1 |aParaît depuis : 2023T1. |
| 500 | |aPubl. aussi en anglais sous le titre : Bank of Canada quarterly research update. |
| 588 | |aDescription d'après : 2023T1. |
| 588 | |aDernière livraison consultée : 2023T1. |
| 650 | 6|aBanques|xRecherche|zCanada|vPériodiques. |
| 655 | 7|aPériodiques|2rvmgf |
| 710 | 2 |aBanque du Canada, |eorganisme de publication. |
| 775 | 08|tBank of Canada quarterly research update.|w(CaOODSP)9.921927 |
| 780 | 00|tRecherche mensuelle à la Banque du Canada |w(CaOODSP)9.832027 |